00358nam a2200133Ia 450000500170000000800410001702000150005808200170007310000140009024500520010426000330015630000140018965000210020320240624064931.0240331s9999 xx 000 0 und d a8177200402 bCULa894.811 aCuller, J 0aIlakiyak kotpadu :bmikach curukkamana arimugam aputhanathambadaiyalamc2005 a233 p .,  alit rary theory